| 000 | 01440nam0a22003251 4500 | ||
|---|---|---|---|
| 001 | RU\INFOCOMM_327\NLR\5000033471 | ||
| 005 | 20250613110806.0 | ||
| 035 | _a(NLR Aleph) 009574121 | ||
| 090 |
_a9148499 _c9148499 |
||
| 100 | _a20130219d1983 |||y0rusy50 ca | ||
| 101 | 0 | _aeng | |
| 102 | _aRU | ||
| 105 | _ay z ||||| | ||
| 200 | 1 |
_aAdvanced practical grammar in patterns _e(For lab. work) _fT. T. Matyushkina-Guerke, T. N. Kuzmichyova, L. L. Ivanova |
|
| 210 |
_aM. _cVysšaja škola _d1983 |
||
| 215 |
_a151 с. _d22 см |
||
| 300 | _aПредисл. на рус. яз. | ||
| 300 | _aВ вып. дан.: Лабораторные работы по практической грамматике английского языка: (Для II-го курса филол. фак. ун-тов) / Тамара Ивановна Матюшкина-Герке, Татьяна Николаевна Кузмичева, Лидия Лукинична Иванова | ||
| 620 | _aМосква | ||
| 686 |
_aШ143.21-93рус3-2 _2rubbk |
||
| 700 | 1 |
_9z01790 _aMatjuškina-Gerke _bT. I. _gTamara Ivanovna |
|
| 701 | 1 |
_9z02790 _aKuz'mičeva _bT. N. _gTatjana Nikolaevna |
|
| 701 | 1 |
_aIvanova _bL. L. _gLidija Lukinična |
|
| 790 | 1 |
_9z01700 _aMatyushkina-Guerke _bT. I. _4070 |
|
| 790 | 1 |
_9z02701 _aKuzmichyova _bT. N. _4070 |
|
| 801 | 1 |
_aRU _bInfocomm _c20130219 |
|
| 801 | 0 |
_aRU _bINFOCOMM _gPSBO |
|
| 852 |
_aNLR _jЯ61 Д-5/386 |
||
| 942 | _cBOOK | ||
| 980 | _aNB | ||